<?xml version="1.0" encoding="UTF-8"?>
<record
    xmlns:xsi="http://www.w3.org/2001/XMLSchema-instance"
    xsi:schemaLocation="http://www.loc.gov/MARC21/slim http://www.loc.gov/standards/marcxml/schema/MARC21slim.xsd"
    xmlns="http://www.loc.gov/MARC21/slim">

  <leader>01328nam a22003017a 4500</leader>
  <controlfield tag="003">OSt</controlfield>
  <controlfield tag="005">20250620161545.0</controlfield>
  <controlfield tag="007">ta</controlfield>
  <controlfield tag="008">250620b        |||||||| |||| 00| 0 sp  d</controlfield>
  <datafield tag="040" ind1=" " ind2=" ">
    <subfield code="a">CUNOROC</subfield>
    <subfield code="b">spa</subfield>
    <subfield code="c">CUNOROC</subfield>
    <subfield code="d">CUNOROC</subfield>
  </datafield>
  <datafield tag="041" ind1=" " ind2=" ">
    <subfield code="a">spa</subfield>
    <subfield code="d">spa</subfield>
    <subfield code="e">spa</subfield>
    <subfield code="g">spa</subfield>
    <subfield code="h">spa</subfield>
  </datafield>
  <datafield tag="082" ind1=" " ind2=" ">
    <subfield code="a">T 87 09</subfield>
  </datafield>
  <datafield tag="100" ind1="1" ind2="0">
    <subfield code="a">De Le&#xF3;n Hern&#xE1;ndez, Carlos Adiel.--</subfield>
    <subfield code="e">Autor</subfield>
    <subfield code="9">13648</subfield>
  </datafield>
  <datafield tag="245" ind1="1" ind2="0">
    <subfield code="a">Persecuci&#xF3;n penal del delito de violaci&#xF3;n a la intimidad sexual cometido por medios electr&#xF3;nicos./</subfield>
    <subfield code="c">Carlos Adiel De Le&#xF3;n Hern&#xE1;ndez./</subfield>
    <subfield code="h">Digital.--</subfield>
  </datafield>
  <datafield tag="260" ind1=" " ind2=" ">
    <subfield code="a">Huehuetenango, Guatemala:</subfield>
    <subfield code="b">CUNOROC;</subfield>
    <subfield code="c">c2022.</subfield>
  </datafield>
  <datafield tag="300" ind1=" " ind2=" ">
    <subfield code="a">159 p&#xE1;ginas:</subfield>
    <subfield code="b">il;</subfield>
    <subfield code="c">21 cm.</subfield>
  </datafield>
  <datafield tag="505" ind1=" " ind2=" ">
    <subfield code="r">Carlos Adiel De Le&#xF3;n Hern&#xE1;ndez.--</subfield>
    <subfield code="t">Persecuci&#xF3;n penal del delito de violaci&#xF3;n a la intimidad sexual cometido por medios electr&#xF3;nicos.--</subfield>
    <subfield code="u">https://drive.google.com/file/d/13PNATWNcAQDX_eTP9wG083qg-G_ebs0F/view?usp=sharing</subfield>
  </datafield>
  <datafield tag="650" ind1=" " ind2=" ">
    <subfield code="a">Derecho Procesal Penal</subfield>
    <subfield code="9">13009</subfield>
  </datafield>
  <datafield tag="650" ind1=" " ind2=" ">
    <subfield code="a">Inform&#xE1;tica</subfield>
    <subfield code="9">13649</subfield>
  </datafield>
  <datafield tag="650" ind1=" " ind2=" ">
    <subfield code="a">Tecnolog&#xED;a</subfield>
    <subfield code="9">2193</subfield>
  </datafield>
  <datafield tag="650" ind1=" " ind2=" ">
    <subfield code="a">Espionaje inform&#xE1;tico</subfield>
    <subfield code="9">13650</subfield>
  </datafield>
  <datafield tag="650" ind1=" " ind2=" ">
    <subfield code="a">Sabotaje inform&#xE1;tico</subfield>
    <subfield code="9">13651</subfield>
  </datafield>
  <datafield tag="650" ind1=" " ind2=" ">
    <subfield code="a">Pornograf&#xED;a infantil</subfield>
    <subfield code="9">13652</subfield>
  </datafield>
  <datafield tag="650" ind1=" " ind2=" ">
    <subfield code="a">Intimidad sexual</subfield>
    <subfield code="9">13653</subfield>
  </datafield>
  <datafield tag="650" ind1=" " ind2=" ">
    <subfield code="a">Piratas inform&#xE1;ticos</subfield>
    <subfield code="9">13654</subfield>
  </datafield>
  <datafield tag="856" ind1=" " ind2=" ">
    <subfield code="u">https://drive.google.com/file/d/13PNATWNcAQDX_eTP9wG083qg-G_ebs0F/view?usp=sharing</subfield>
    <subfield code="y">Digital</subfield>
  </datafield>
  <datafield tag="942" ind1=" " ind2=" ">
    <subfield code="2">ddc</subfield>
    <subfield code="c">TESIS</subfield>
    <subfield code="n">0</subfield>
  </datafield>
  <datafield tag="999" ind1=" " ind2=" ">
    <subfield code="c">5607</subfield>
    <subfield code="d">5607</subfield>
  </datafield>
  <datafield tag="952" ind1=" " ind2=" ">
    <subfield code="0">0</subfield>
    <subfield code="1">0</subfield>
    <subfield code="2">ddc</subfield>
    <subfield code="4">0</subfield>
    <subfield code="7">0</subfield>
    <subfield code="8">NFIC</subfield>
    <subfield code="a">CUH</subfield>
    <subfield code="b">CUH</subfield>
    <subfield code="c">Tesis</subfield>
    <subfield code="d">2025-06-20</subfield>
    <subfield code="l">0</subfield>
    <subfield code="o">T 87 09</subfield>
    <subfield code="r">2025-06-20 16:15:33</subfield>
    <subfield code="w">2025-06-20</subfield>
    <subfield code="y">TESIS</subfield>
    <subfield code="z">Disponible</subfield>
  </datafield>
</record>
